000 00455nam a2200145 4500
001 144664
003 ES-MaACL
007 t|
008 070214s1983 sp r ||||1| spa d
245 0 3 _aLa sociedad internacional contemporánea
_b: documentos básicos /
_cedición y estudio preliminar de Roberto Mesa.
260 _aMadrid :
_bTaurus,
_c1983.
300 _a2 v. ;
_c18 cm.
700 1 _aMesa, Roberto.
_980634
852 _aES-MaACL
_jL-4752-3
_bR.105050
999 _c144664
_d144664